Born in Shanghai - Statistics

General Stats
  • This quiz has been taken 11 times
  • The average score is 12 of 20
Answer Stats
Hint Answer % Correct
Former footballer and winner of the FIFA Female Player of the Century award 1973 Sun Wen
90%
Formula One driver who drives for Alfa Romeo and is the first Chinese driver in the Formula One 1999 Zhou Guanyu
90%
One of the most influential leaders of China during the 1980s and 1990s regarded as the second-most powerful person after Deng Xiaoping 1905 Chen Yun
80%
Chinese-American actress, "The Last Emperor" "Twin Peaks" 1961 Joan Chen
80%
Chinese-American scientist and first person of Chinese origin to go into space 1940 Taylor Wang
80%
Retired table tennis player, winner of four Olympic medals and winner of three World Championships 1978 Wang Liqin
80%
Actor and director, his films "Lost in Thailand" and "Lost in Hong Kong" are two of the highest-grossing films in China 1972 Xu Zheng
80%
Premier of China from 1987 to 1998 1928 Li Peng
70%
Hall of Fame center who played for the Houston Rockets 1980 Yao Ming
70%
Taiwanese director, "Yi Yi" "A Brighter Summer Day" "Mahjong" 1947 Edward Yang
60%
Diplomat and philosopher, he is widely recognized as a key contributor to Chinese liberalism and the Chinese New Culture Movement 1891 Hu Shih
60%
Director, "Chungking Express" "In the Mood for Love" "Fallen Angels" 1958 Wong Kar-wai
60%
Retired diver, five-time Olympic champion and eight-time world champion 1985 Wu Minxia
60%
Chinese-American Nobel Prize winning physicist for his work on the viaolation of the parity law in weak interactions 1926 Tsung-Dao Lee
50%
Chess grandmaster and current Women' World Chess Champion 1991 Ju Wenjun
40%
Engineer and physicist who pioneered the development of fiber optics in telecommunications and was awarded the Nobel Prize in Physics 1933 Charles K. Kao
30%
Writer, "Lust" "Caution Love in a Fallen City" 1920 Eileen Chang
30%
British writer, "Empire of the Sun" "Crash" "The Drowned World" 1930 J.G. Ballard
30%
Swiss-American Nobel Prize winning biochemist, at the time of his death at age 101 in 2021, he was the oldest living Nobel Prize laureate 1920 Edmond H. Fischer
20%
Irish director, "Dr. No" "From Russia with Love" "Thunderball" 1915 Terence Young
20%
No matching quizzes found
Score Distribution
Percent of People with Each Score
Percentile by Number Answered
Your Score History
You have not taken this quiz